Statistics for Famous Women - A to Z #1

Click here to take the quiz!

General Stats

  • This quiz has been taken 51 times
  • The average score is 11 of 26

Answer Stats

LetterHintAnswer% Correct
CFirst person to win 2 Nobel prizesMarie Curie
93%
AQueen Consort to Louis XVI of FranceMarie Antoinette
80%
EAmerican aviation pioneer and writerAmelia Earhart
78%
TThe first female British prime ministerMargaret Thatcher
76%
OWife of the late John LennonYoko Ono
76%
MPolitician who served as the chancellor of GermanyAngela Merkel
73%
GAssassinated Indian Prime MinisterIndira Gandhi
73%
NConsidered a pioneering in modern nursingFlorence Nightingale
71%
KMexican painter known for her many self-portraitsFrida Kahlo
68%
VThe "Grandmother of Europe”Queen Victoria
66%
LAuthor of To Kill A MockingbirdHarper Lee
56%
PA leader of the British suffragette movementEmmeline Pankhurst
44%
RAstronaut and the first American woman to go to spaceSally Ride
39%
ZDual Academy Award winner for Judy and Cold MountainRenée Zellweger
37%
UBritish-American actress and comedian, whose eponymous show was the birthplace of The SimpsonsTracey Ullman
37%
BFounder of the American Red CrossClara Barton
32%
FAuthor of The Feminine MystiqueBetty Friedan
22%
DRecipient of 2 Academy Awards and the first actor to accrue 10 nominationsBette Davis
20%
JThe brains behind the complex calculations that helped send the first man to the moon - her work is highlighted in the film Hidden FiguresKatherine G. Johnson
20%
Y1992 Olympic figure skating gold medalistKristi Yamaguchi
20%
HComputer scientist who helped invent English programming languagesGrace Hopper
15%
SLeading pioneer in offering contraception and health care services to womenMargaret Sanger
15%
QKurdish martyr - first woman hanged by the Iraqi Ba'ath partyLeyla Qasim
10%
WAmerican abolitionist, prohibitionist, prisoner of war, and surgeon - the only woman to ever receive the US Medal of HonorMary Edwards Walker
10%
IHelped unite SpainQueen Isabella of Spain
10%
XChildren's television host and the highest-selling Brazilian female singerXuxa
10%

Score Distribution

Percentile by Number Answered

Percent of People with Each Score

Your Score History

You have not taken this quiz